| 000 | 00469cam a2200193ua 4500 | ||
|---|---|---|---|
| 001 | 8370 | ||
| 008 | 150129n ii |||gr||||Z||||||eng | ||
| 020 | _a8186423658 | ||
| 040 | _cMAIN | ||
| 041 | _aeng | ||
| 082 | _a824 | ||
| 100 |
_aSatpathy, S., _eEditor. |
||
| 245 | 1 |
_aJoseph Conrad heart of darkness _cEdited by Sumanyu Satpathy |
|
| 250 | _a1st. | ||
| 260 |
_aBungalow: _bWorldview, _c2006. |
||
| 300 | _axlvii,340p. | ||
| 653 | _aEnglish essays | ||
| 942 | _cBK | ||
| 999 |
_c7480 _d7480 |
||